|
|
|
|
| LEADER |
00000naa2a2200000 4500 |
| 001 |
129756 |
| 005 |
20251203144503.0 |
| 035 |
|
|
|a (RuTPU)RU\TPU\book\140461
|
| 090 |
|
|
|a 129756
|
| 100 |
|
|
|a 20080128d2005 k y0rusy50 ca
|
| 101 |
0 |
|
|a rus
|
| 102 |
|
|
|a RU
|
| 200 |
1 |
|
|a Управление видом стружки посредством ионной имплантации инструментальной поверхности
|f А. А. Ласуков, К. В. Зайцев
|
| 320 |
|
|
|a Библиогр.: 4 назв.
|
| 461 |
|
1 |
|0 (RuTPU)RU\TPU\book\118979
|t Прогрессивные технологии и экономика в машиностроении
|o труды III Всероссийской научно-практической конференции, 19-21 мая 2005 года, Юрга
|o в 2 т.
|f Томский политехнический университет ; под ред. О. Ю. Ретюнского
|d 2005
|
| 463 |
|
0 |
|0 (RuTPU)RU\TPU\book\118372
|t Т. 1
|v С. 34-36
|d 2005
|
| 610 |
1 |
|
|a стружка
|
| 610 |
1 |
|
|a ионная имплантация
|
| 610 |
1 |
|
|a управление
|
| 610 |
1 |
|
|a поверхности
|
| 610 |
1 |
|
|a труды учёных ТПУ
|
| 700 |
|
1 |
|a Ласуков
|b А. А.
|c специалист в области машиностроения
|c доцент Юргинского технологического института (филиал) Томского политехнического университета, кандидат технических наук
|f 1974-
|g Александр Александрович
|3 (RuTPU)RU\TPU\pers\24326
|
| 701 |
|
1 |
|a Зайцев
|b К. В.
|c специалист в области машиностроения
|c старший преподаватель Юргинского технологического института (филиал) Томского политехнического университета
|f 1981-
|g Константин Викторович
|3 (RuTPU)RU\TPU\pers\24225
|
| 801 |
|
1 |
|a RU
|b 63413507
|c 20080128
|g PSBO
|
| 801 |
|
2 |
|a RU
|b 63413507
|c 20130711
|g RCR
|
| 942 |
|
|
|c BK
|